| 000 | 00758nam a2200241 a 4500 | ||
|---|---|---|---|
| 001 | 46047 | ||
| 003 | BD-RjUL | ||
| 005 | 20211209054112.0 | ||
| 008 | 900214d193319uusz uu i0 0eng d | ||
| 035 | _a(BD-RjUL) 46165 | ||
| 040 |
_aCL _beng _cCL _dBD-RjUL _dANL |
||
| 041 | _aeng | ||
| 082 |
_223 _a341.1 _bESS 1938 |
||
| 110 | 2 |
_aLeague of Nations. _bSecretariat. _bInformation Section. _9140770 |
|
| 245 | 1 | 0 | _aEssential facts about the League of Nations. |
| 250 | _a9th ed. | ||
| 260 |
_aGeneva : _bInformation Section, _c1938 |
||
| 300 |
_a 349p. : _bill ; _c15 cm. |
||
| 500 | _a193 - contains "The covenant of the League of Nations." | ||
| 610 | 2 | 0 |
_aLeague of Nations _9140771 |
| 710 | 2 | 2 |
_aLeague of Nations. _tCovenant. _9140763 |
| 942 |
_2ddc _cBK |
||
| 999 |
_c46047 _d46047 |
||